Sociología de la familia y del matrimonio

Gardado en:
Detalles Bibliográficos
Autor Principal: Michel, Andrée (autor)
Formato: Libro
Idioma:Lingua castelá
Publicado: Barcelona 62 1991
Edición:2a. ed
Series:Historia, Ciencia, Sociedad, 109
Subjects:
Tags: Engadir etiqueta
Sen Etiquetas, Sexa o primeiro en etiquetar este rexistro!

MARC

LEADER 00000nam a2200000 a 4500
001 UCK7166
003 CL-VaPUC
008 051111e19910000SP |||||||||||||||||spa|d
020 |a 8429709819 
082 0 4 |a 306.85  |b MIC  |2 21 
100 |a Michel, Andrée  |e autor  |9 496600 
245 1 0 |a Sociología de la familia y del matrimonio 
250 |a 2a. ed 
300 |a 193 p 
942 |c BK 
945 |d 20051111 00:00:00  |a cmena 
260 |a Barcelona  |b 62  |c 1991 
650 0 |a Familias   |9 255641 
650 0 |a Grupos sociales  |9 268887 
650 7 |a MATRIMONIO  |2 CL-VaPUC  |9 496601 
650 0 |a Sociología de la familia  |9 466693 
650 7 |a RELACIONES FAMILIARES  |2 CL-VaPUC  |9 333100 
650 7 |a PLANIFICACION FAMILIAR  |2 CL-VaPUC  |9 309893 
583 |a last modification  |c 20051111 00:00:00  |k Rodrigo Vera 
490 0 |a Historia, Ciencia, Sociedad, 109 
999 |c 315207  |d 315205 
952 |0 0  |1 0  |4 0  |6 306_850000000000000_MIC_1991  |7 0  |8 P  |9 388181  |a BIBEDU  |b BIBEDU  |d 2019-11-22  |i 4178807  |o 306.85 MIC 1991  |p 4178807  |r 2019-11-22  |w 2019-11-22  |y BK  |k EBA